Historic Cyprus : a guide to its towns and villages, monasteries and castles /
محفوظ في:
المؤلف الرئيسي:
التنسيق: كتاب
اللغة: English
منشور في:
London :
Methuen & co., ltd.,
[1936].
الموضوعات:
الوسوم: إضافة وسم
لا توجد وسوم, كن أول من يضع وسما على هذه التسجيلة!
رقم الطلب: DS54 .G8 1936
| LEADER | 00827namaa2200241 4500 | ||
|---|---|---|---|
| 001 | 20769 | ||
| 003 | OSt | ||
| 005 | 20260310095446.0 | ||
| 008 | 130303s1936 enkabef b 000 0 eng d | ||
| 010 | |a 37001539 | ||
| 040 | |c ARCE Library | ||
| 043 | |a a-cy--- | ||
| 050 | 4 | |a DS54 .G8 1936 | |
| 100 | 1 | |a Gunnis, Rupert, |e author |9 31245 | |
| 245 | 1 | 0 | |a Historic Cyprus : |b a guide to its towns and villages, monasteries and castles / |c by Robert Gunnis. With six illustrations, seven plans and a folding map. |
| 264 | 1 | |a London : |b Methuen & co., ltd., |c [1936]. | |
| 300 | |a ix, 495 pages : |b illustrations (plans), plates, folded map ; |c 19 cm. | ||
| 504 | |a Includes bibliographical references (pages 471-472) | ||
| 651 | 0 | |a Cyprus |v Guidebooks. | |
| 651 | 0 | |a Cyprus |x History. | |
| 901 | |a reviewed | ||
| 942 | |c BK |2 lcc | ||
| 999 | |c 17211 |d 17211 | ||
